Slovakistický zborník

Bibliographic Details
Other Authors: Týr, Michal, 1942-2013 (Publishing director)
Format: Serial
Language:Slovak
PhysicalDescription:zv. 24 cm
Published: Nový Sad Slovakistická vojvodinská spoločnosť 2006-
ISBN:8683535673 (brož. : 1/2006)
9788683535750 (brož. : 2/2007)
9788683535750 (brož. : 3/2008)
9788683535866 (brož. : 4/2009)
ISSN:2217-4532
Subjects:

MARC

LEADER 00000cas a2200000 a 4500
001 vtls010456734
003 SK-MaSNL
005 20260228161205.0
008 121005c20069999rb ar| 0 b0slo c
020 |a 8683535673 (brož. : 1/2006) 
020 |a 9788683535750 (brož. : 2/2007) 
020 |a 9788683535750 (brož. : 3/2008) 
020 |a 9788683535866 (brož. : 4/2009) 
022 |a 2217-4532 
040 |a SNK  |b slo  |c SNK  |e AACR2 
041 0 |a slo  |b eng  |b srp 
043 |a e-rb--- 
044 |a rb  |c RS 
072 7 |a 80  |x Filológia  |2 konspekt 
072 7 |a 811.162.4  |x Slovenčina  |2 konspekt 
080 |a 80(=162.4)+908(437.6)  |2 2011 
080 |a 811.162.4  |2 2011 
080 |a (497.113)  |2 2011 
080 |a (082)  |2 2011 
080 |a 050  |2 2011 
245 0 0 |a Slovakistický zborník 
246 1 1 |a Slovakistički zbornik 
260 |a Nový Sad  |b Slovakistická vojvodinská spoločnosť  |c 2006- 
300 |a zv.  |b 24 cm 
310 |a 1x ročne 
362 0 |a 1 (2006)- 
500 |a Hlavný a zodpovedný redaktor: 2006- , Michal Týr 
500 |a Zv. 3/2008 má rovnaké číslo ISBN ako zv. 2/2007 
504 |a Bibliografia ; zoznam autorov 
650 0 7 |a slovakistika  |2 SNKPH  |9 20944 
650 0 7 |a Slovak studies  |2 SNKPHeng  |9 266531 
650 0 7 |a slovenčina  |2 SNKPH  |9 1350 
650 0 7 |a Slovak language  |2 SNKPHeng  |9 266031 
651 7 |a Vojvodina (Srbsko)  |2 SNKPH  |9 27375 
651 7 |a Vojvodina (Serbia)  |2 SNKPHeng  |9 265200 
655 7 |a zborníky  |2 SNKPH  |9 70165 
655 7 |a Papers of several authors  |2 SNKPHeng  |9 153738 
700 1 |a Týr, Michal,  |d 1942-2013  |4 pbd  |4 lso  |9 170740 
916 |a 1/2006-6/2010 
919 |a 86-83535-67-3 
919 |a 978-86-83535-75-0 
919 |a 978-86-83535-86-6 
958 |a NB 
999 |c 4612  |d 6542 
952 |0 0  |1 0  |4 0  |7 0  |8 2  |a SNK  |b SNK  |d 2012-10-17  |f 1  |i snk2012/20867  |l 0  |o snkČSC 3902/1/2006  |p 17A1339690  |r 2026-02-21 21:12:07  |w 2026-02-21  |y PREZ 
952 |0 0  |1 0  |4 0  |7 0  |8 2  |a SNK  |b SNK  |d 2012-10-17  |f 1  |i snk2012/20869  |l 0  |o snkČSC 3902/2/2007  |p 17A1339692  |r 2026-02-21 21:12:08  |w 2026-02-21  |y PREZ 
952 |0 0  |1 0  |4 0  |7 0  |8 2  |a SNK  |b SNK  |d 2012-10-17  |f 1  |i snk2012/20871  |l 0  |o snkČSC 3902/3/2008  |p 17A1027379  |r 2026-02-21 21:12:08  |w 2026-02-21  |y PREZ 
952 |0 0  |1 0  |4 0  |7 0  |8 2  |a SNK  |b SNK  |d 2012-10-17  |f 1  |i snk2012/20875  |l 0  |o snkČSC 3902/4/2009  |p 17A1027380  |r 2026-02-21 21:12:11  |w 2026-02-21  |y PREZ 
952 |0 0  |1 0  |4 0  |7 0  |8 1  |a SNK  |b SNK  |d 2012-10-17  |f 1  |i snk2012/20876  |l 0  |o snkČSC 3902/6/2010  |p 17A1027381  |r 2026-02-21 21:12:11  |w 2026-02-21  |y PREZ 
952 |0 0  |1 0  |4 0  |7 0  |8 2  |a SNK  |b SNK  |d 2018-11-27  |i snk2018/25430  |l 0  |o snkČSC 3902/1/2006 D1  |p 17A1339691  |r 2026-02-21 22:05:52  |w 2026-02-21  |y PREZ 
952 |0 0  |1 0  |4 0  |7 0  |8 2  |a SNK  |b SNK  |d 2018-11-27  |i snk2018/25441  |l 0  |o snkČSC 3902/2/2007 D1  |p 17A1339693  |r 2026-02-21 22:05:52  |w 2026-02-21  |y PREZ 
952 |0 0  |1 0  |4 0  |7 0  |8 2  |a SNK  |b SNK  |d 2018-11-27  |i snk2018/25444  |l 0  |o snkČSC 3902/3/2008 D1  |p 17A1339694  |r 2026-02-21 22:05:52  |w 2026-02-21  |y PREZ 
952 |0 0  |1 0  |4 0  |7 0  |8 1  |a SNK  |b SNK  |d 2018-11-27  |f 1  |i snk2018/25449  |l 0  |o snkČSC 3902/5/2009  |p 17A1339695  |r 2026-02-21 22:05:52  |w 2026-02-21  |y PREZ